01013cam a22002411 4500001001300000003000400013005001700017008004100034010001700075025001900092040001800111041001100129050002000140111009600160245019100256260011300447300002700560500004100587500002100628650002600649710007900675999001700754sa 68004058 DLC20260227112458.0711020s1967 pk a 100 0 eng  asa 68004058  aPL480:P-E-1199 aDLCcDLCdDLC0 aengurd00aZ120b.P25 19672 aPakistan Printing & Graphic Arts Exhibition and Seminarb(1st :c1967 :dKarachi, Pakistan)10aSouvenir of first Pakistan Printing & Graphic Arts Exhibition and Seminar, 13th March-16th March, 1967,bunder the auspices of Pakistan Association of Printing and Graphic Arts Industry. aKarachi,bMazhar Yousuf for Pakistan Association of Printing and Graphic Arts Industry (Karachi Zone)c1967. a112 p.billus.c29 cm. a"Organized by PAPGAI (Karachi Zone)" aEnglish or Urdu. 0aPrintingxCongresses.2 aPakistan Association of Printing and Graphic Arts Industry.bKarachi Zone. c79935d79935